Villes du Monde en B - Statistiques

Statistiques générales
  • Ce quiz a été pris 244 fois
  • Le résultat moyen est 13 sur 18
Statistiques - réponses
Pays Population Ville % Correct
Allemagne 3,58M Berlin
99%
Espagne 1,7M Barcelone
96%
Belgique 2,14M Bruxelles
96%
Hongrie 1,78M Budapest
89%
Thaïlande 11,39M Bangkok
88%
France 843K Bordeaux
88%
Argentine 16M Buenos Aires
84%
Liban 360K Beyrouth
81%
Colombie 7M Bogotá
78%
Mali 3,18M Bamako
76%
Royaume-Uni 1,14M Birmingham
76%
Irak 6,4M Bagdad
74%
Slovaquie 426K Bratislava
71%
USA 672K Boston
65%
Australie 2,56M Brisbane
51%
Italie 315K Bari
42%
Corée du Sud 3,6M Busan
38%
Inde 12,35M Bangalore
29%
Aucun quiz correspondant
Distribution des résultats
% des personnes avec chaque résultat
Percentile par nombre de réponses
Votre historique - résultats
Vous n’avez pas pris ce quiz